[Event "Titled Tuesday intern op 11th Feb Early"]
[Site "Chess.com INT"]
[Date "2025.02.11"]
[Round "5"]
[White "Wainer, Daniel"]
[Black "Real Pereyra, Jeronimo"]
[Result "0-1"]
[WhiteElo "2105"]
[BlackElo "2125"]
[PlyCount "86"]
[EventDate "2025.02.11"]
[EventType "swiss (blitz)"]
[EventRounds "11"]
[EventCountry "USA"]
[SourceTitle "CB09_2025"]
[SourceDate "2025.02.27"]
[SourceVersion "1"]
[SourceVersionDate "2025.02.27"]
[SourceQuality "1"]

1. e4 c5 2. c3 Nf6 3. e5 Nd5 4. d4 cxd4 5. Nf3 Nc6 6. Bc4 e6 7. Bxd5 exd5 8. cxd4 d6 9. 0-0 dxe5 10. dxe5 Be7 11. Nc3 Be6 12. Bf4 0-0 13. Nd4 Qb6 14. Nxc6 bxc6 15. Qd2 Rab8 16. b3 Qb4 17. Na4 c5 18. Qxb4 Rxb4 19. Rac1 Rxf4 20. Nxc5 Bxc5 21. Rxc5 Rc8 22. Ra5 h5 23. Rxa7 Rc2 24. g3 Re4 25. a4 Ree2 26. b4 Bh3 27. e6 fxe6 28. Ra8+ Kh7 29. Rf8 Bxf1 30. Kxf1 Ra2 31. b5 Reb2 32. Kg2 Rxa4 33. Rb8 Rab4 34. Rb6 d4 35. Rxe6 d3 36. Rd6 d2 37. Kf3 Rxb5 38. Ke2 h4 39. gxh4 R5b4 40. h5 Rh4 41. Rd5 Rxh2 42. Kf3 Rxf2+ 43. Kxf2 d1Q+ 0-1

[Event "Titled Tuesday intern op 18th Jun Late"]
[Site "Chess.com INT"]
[Date "2024.06.18"]
[Round "3"]
[White "Arbunic Castro, Giovanna B"]
[Black "Real Pereyra, Jeronimo"]
[Result "0-1"]
[WhiteElo "1958"]
[BlackElo "2125"]
[PlyCount "64"]
[EventDate "2024.06.18"]
[EventType "swiss (blitz)"]
[EventRounds "11"]
[EventCountry "USA"]
[SourceTitle "EXT 2025"]
[Source "ChessBase"]
[SourceDate "2024.10.14"]
[SourceVersion "1"]
[SourceVersionDate "2024.10.14"]
[SourceQuality "1"]

1. e4 c5 2. g3 d5 3. exd5 Qxd5 4. Nf3 Nc6 5. Bg2 Bg4 6. h3 Bh5 7. 0-0 Nf6 8. d3 e6 9. g4 Bg6 10. Be3 Qd7 11. Nc3 Be7 12. a4 0-0 13. Qd2 Rad8 14. Rad1 Nd4 15. Ne5 Qc7 16. Bf4 Qc8 17. Nb5 a6 18. Nxd4 Rxd4 19. c3 Rdd8 20. Nxg6 hxg6 21. d4 cxd4 22. cxd4 Qd7 23. Be5 Nd5 24. Qe2 Rc8 25. Rc1 Rxc1 26. Rxc1 Bf6 27. Rc5 Rc8 28. Bxd5 Rxc5 29. dxc5 Qxd5 30. Bxf6 gxf6 31. Qe3 Qd1+ 32. Kh2 Qxa4 0-1

[Event "Titled Tuesday intern op 18th Jun Late"]
[Site "Chess.com INT"]
[Date "2024.06.18"]
[Round "1"]
[White "Real Pereyra, Jeronimo"]
[Black "Ambartsumova, Karina"]
[Result "0-1"]
[WhiteElo "2125"]
[BlackElo "2406"]
[PlyCount "82"]
[EventDate "2024.06.18"]
[EventType "swiss (blitz)"]
[EventRounds "11"]
[EventCountry "USA"]
[SourceTitle "EXT 2025"]
[Source "ChessBase"]
[SourceDate "2024.10.14"]
[SourceVersion "1"]
[SourceVersionDate "2024.10.14"]
[SourceQuality "1"]

1. e4 e5 2. Nf3 Nc6 3. Bb5 Nge7 4. 0-0 Ng6 5. c3 a6 6. Ba4 Be7 7. Re1 0-0 8. d3 b5 9. Bc2 Bb7 10. Nbd2 d5 11. Nf1 Bc5 12. Ng3 dxe4 13. dxe4 Qxd1 14. Rxd1 Rfd8 15. Be3 Bxe3 16. fxe3 Na5 17. Bb3 Nxb3 18. axb3 f6 19. Kf2 Nf8 20. Ke2 Ne6 21. b4 g6 22. Rxd8+ Rxd8 23. Nd2 h5 24. h4 Kf7 25. Nb3 Rd6 26. Nc5 Bc8 27. Nf1 Ke7 28. Nd2 Nxc5 29. bxc5 Bg4+ 30. Nf3 Re6 31. Kf2 Rc6 32. b4 Bc8 33. Nd2 Re6 34. Nb3 g5 35. g3 Kf7 36. Rh1 Kg6 37. Nd2 Re8 38. Nb3 Rd8 39. Ke2 Bg4+ 40. Ke1 Rd1+ 41. Kf2 Rxh1 0-1

[Event "Carlos Torre Memorial op 33rd"]
[Site "Merida"]
[Date "2023.12.16"]
[Round "4"]
[White "Neira Garcia, Llirbel Anei"]
[Black "Real Pereyra, Jeronimo"]
[Result "1-0"]
[WhiteElo "2039"]
[BlackElo "2156"]
[PlyCount "85"]
[EventDate "2023.12.15"]
[EventType "swiss"]
[EventRounds "9"]
[EventCountry "MEX"]
[SourceTitle "CBM 217 Extra"]
[Source "ChessBase"]
[SourceDate "2024.01.31"]
[SourceVersion "1"]
[SourceVersionDate "2024.01.31"]
[SourceQuality "1"]

1. e4 c5 2. Nf3 d6 3. d4 cxd4 4. Nxd4 Nf6 5. Nc3 Nc6 6. Bg5 Bd7 7. Qd2 Rc8 8. 0-0-0 Nxd4 9. Qxd4 Qa5 10. f4 Rxc3 11. bxc3 e5 12. Qb4 Qxb4 13. cxb4 Nxe4 14. Bh4 g5 15. fxg5 Be7 16. Bc4 Nxg5 17. Bd5 Ne6 18. Bxe7 Kxe7 19. Rd2 Bc6 20. c3 f5 21. g3 Nc7 22. Bxc6 bxc6 23. a4 d5 24. Rb2 Kd6 25. Rf1 Rf8 26. Kd2 Ne6 27. Kd3 e4+ 28. Ke3 Ke5 29. Rbf2 h5 30. h4 a5 31. b5 c5 32. b6 d4+ 33. Ke2 e3 34. Rxf5+ Rxf5 35. Rxf5+ Kxf5 36. b7 dxc3 37. b8Q c2 38. Qb2 Kg4 39. Kxe3 Nd4 40. Kf2 Kh3 41. Qc3 Kg4 42. Qxc5 Kh3 43. Ke3 1-0

[Event "MEX-ch"]
[Site "Mexico City"]
[Date "2023.11.10"]
[Round "5"]
[White "Real Pereyra, Jeronimo"]
[Black "Vega Castaneda, Ulises Antonio"]
[Result "1-0"]
[WhiteElo "2172"]
[BlackElo "1881"]
[PlyCount "97"]
[EventDate "2023.11.07"]
[EventType "swiss"]
[EventRounds "9"]
[EventCountry "MEX"]
[SourceTitle "CBM 217 Extra"]
[Source "ChessBase"]
[SourceDate "2024.01.31"]
[SourceVersion "1"]
[SourceVersionDate "2024.01.31"]
[SourceQuality "1"]

1. e4 Nc6 2. d4 d5 3. e5 e6 4. c3 f6 5. Nf3 fxe5 6. dxe5 Bc5 7. Bd3 Nge7 8. b4 Bb6 9. b5 Na5 10. Ng5 g6 11. h4 Kd7 12. 0-0 Qf8 13. Qg4 Nf5 14. Nd2 c6 15. Bb2 h6 16. Ngf3 Qf7 17. c4 Ke8 18. cxd5 cxd5 19. Rac1 Bd7 20. Rfd1 Bd8 21. Ba3 b6 22. g3 Rc8 23. Rxc8 Bxc8 24. Rc1 Bd7 25. Bb4 Rg8 26. a4 Qg7 27. Re1 Be7 28. Bxe7 Qxe7 29. Bxf5 exf5 30. Qd4 Be6 31. Rc1 Kf7 32. Qe3 Kg7 33. Nd4 Rc8 34. N2f3 Rxc1+ 35. Qxc1 Nc4 36. Qf4 Bf7 37. h5 Kh7 38. hxg6+ Bxg6 39. Nxf5 Qf8 40. N3h4 Bxf5 41. Nxf5 Kg6 42. Qg4+ Kh7 43. e6 Ne5 44. Qf4 Ng6 45. Qc7+ Kh8 46. e7 Nxe7 47. Nxe7 Qf7 48. Qe5+ Kh7 49. Nxd5 1-0

[Event "MEX-ch"]
[Site "Mexico City"]
[Date "2023.11.09"]
[Round "3"]
[White "Real Pereyra, Jeronimo"]
[Black "Lopez Padilla, Piero Raul"]
[Result "1-0"]
[WhiteElo "2172"]
[BlackElo "2000"]
[PlyCount "69"]
[EventDate "2023.11.07"]
[EventType "swiss"]
[EventRounds "9"]
[EventCountry "MEX"]
[SourceTitle "CBM 217 Extra"]
[Source "ChessBase"]
[SourceDate "2024.01.31"]
[SourceVersion "1"]
[SourceVersionDate "2024.01.31"]
[SourceQuality "1"]

1. e4 c5 2. Nf3 d6 3. Bb5+ Nd7 4. d4 cxd4 5. Qxd4 e5 6. Qd3 h6 7. Nc3 Ngf6 8. Nd2 a6 9. Bxd7+ Bxd7 10. Nc4 Be6 11. 0-0 Qc7 12. Ne3 Be7 13. Rd1 0-0 14. a4 b6 15. Bd2 Rfd8 16. Be1 Qb7 17. Ncd5 Bxd5 18. exd5 g6 19. b4 Kg7 20. c4 Nd7 21. a5 Rdc8 22. axb6 Qxb6 23. Ra4 Qb7 24. Rda1 Nb6 25. Ra5 Bg5 26. c5 Bxe3 27. c6 Bxf2+ 28. Bxf2 Qc7 29. Rxa6 Rxa6 30. Rxa6 Rb8 31. Bxb6 Rxb6 32. Qc4 Rb8 33. b5 h5 34. h3 g5 35. Kh2 1-0

[Event "MEX-ch"]
[Site "Mexico City"]
[Date "2023.11.08"]
[Round "2"]
[White "Ibarra Chami, Luis Fernando"]
[Black "Real Pereyra, Jeronimo"]
[Result "1-0"]
[WhiteElo "2432"]
[BlackElo "2172"]
[PlyCount "43"]
[EventDate "2023.11.07"]
[EventType "swiss"]
[EventRounds "9"]
[EventCountry "MEX"]
[SourceTitle "CBM 217 Extra"]
[Source "ChessBase"]
[SourceDate "2024.01.31"]
[SourceVersion "1"]
[SourceVersionDate "2024.01.31"]
[SourceQuality "1"]

1. e4 c5 2. Nf3 d6 3. d4 cxd4 4. Nxd4 Nf6 5. Nc3 Nc6 6. Bg5 Bd7 7. Qd2 Rc8 8. f4 Nxd4 9. Qxd4 Qa5 10. e5 dxe5 11. fxe5 e6 12. 0-0-0 Bc6 13. Nb5 Bxb5 14. exf6 Bc6 15. h4 g6 16. Bc4 Bc5 17. Qe5 Bb6 18. Qd6 Bc5 19. Qg3 0-0 20. h5 Be4 21. hxg6 Bxg6 22. Rxh7 1-0

[Event "Titled Tuesday intern op 25th Jul Late"]
[Site "Chess.com INT"]
[Date "2023.07.25"]
[Round "3"]
[White "Real Pereyra, Jeronimo"]
[Black "Rottenwohrer Suarez, Juan"]
[Result "1-0"]
[WhiteElo "2172"]
[BlackElo "2271"]
[PlyCount "115"]
[EventDate "2023.07.25"]
[EventType "swiss (blitz)"]
[EventRounds "11"]
[EventCountry "USA"]
[SourceTitle "EXT 2024"]
[Source "ChessBase"]
[SourceDate "2023.10.10"]
[SourceVersion "1"]
[SourceVersionDate "2023.10.10"]
[SourceQuality "1"]

1. e4 c6 2. c4 d5 3. exd5 cxd5 4. d4 Nf6 5. Nc3 Nc6 6. Nf3 a6 7. cxd5 Nxd5 8. Bc4 Be6 9. Bb3 Na5 10. Bc2 g6 11. 0-0 Bg7 12. Re1 0-0 13. h3 Nxc3 14. bxc3 Rc8 15. Bd2 Nc4 16. Bb3 Bd5 17. Bf4 e6 18. Rc1 Qa5 19. Qe2 Rfd8 20. h4 h6 21. h5 g5 22. Bg3 Qa3 23. Ne5 Nxe5 24. Bxe5 Bxb3 25. Bxg7 Kxg7 26. axb3 Qxb3 27. Qe5+ Kg8 28. Qf6 Rd5 29. Qxh6 Qa3 30. c4 Rf5 31. d5 Qb2 32. f3 Qd4+ 33. Kh1 Qh4+ 34. Kg1 Qd4+ 35. Kh1 Qf6 36. Qxf6 Rxf6 37. d6 Rd8 38. c5 Kf8 39. Re5 Ke8 40. Rxg5 Kd7 41. Kg1 Rc8 42. Kf2 b6 43. g3 Rxc5 44. Rgxc5 bxc5 45. Rxc5 Kxd6 46. Ra5 Ke7 47. Rxa6 Rf5 48. g4 Rb5 49. Ra7+ Kf6 50. Ra4 Rb1 51. Kg3 Kg7 52. Kh4 Rb5 53. Rf4 Ra5 54. g5 Rb5 55. Kg4 Ra5 56. h6+ Kg8 57. Rf6 Ra4+ 58. f4 1-0

[Event "Titled Tuesday intern op 31st Jan Early"]
[Site "Chess.com INT"]
[Date "2023.01.31"]
[Round "6"]
[White "Real Pereyra, Jeronimo"]
[Black "Jovic, Stanoje"]
[Result "1-0"]
[WhiteElo "2156"]
[BlackElo "2051"]
[PlyCount "65"]
[EventDate "2023.01.31"]
[EventType "swiss (blitz)"]
[EventRounds "11"]
[EventCountry "USA"]
[SourceTitle "CBM 212 Extra"]
[Source "ChessBase"]
[SourceDate "2023.03.31"]
[SourceVersion "1"]
[SourceVersionDate "2023.03.31"]
[SourceQuality "1"]

1. e4 c6 2. d4 d5 3. e5 c5 4. dxc5 e6 5. a3 Bxc5 6. Qg4 Ne7 7. b4 Bb6 8. Bd3 0-0 9. Bb2 Nbc6 10. Nf3 Nf5 11. 0-0 Kh8 12. Nbd2 f6 13. exf6 gxf6 14. Bxf5 exf5 15. Qh4 Kg7 16. c4 Ne7 17. c5 Ng6 18. Qd4 Bc7 19. Rfe1 a5 20. Nb3 axb4 21. axb4 Rxa1 22. Bxa1 b6 23. cxb6 Bxb6 24. Nc5 Bxc5 25. bxc5 Rf7 26. h4 h5 27. Ng5 Rc7 28. Ne6+ Bxe6 29. Rxe6 Rf7 30. c6 Nf8 31. c7 Qxc7 32. Rxf6 Qc1+ 33. Kh2 1-0

[Event "Titled Tuesday intern op 24th Jan Late"]
[Site "Chess.com INT"]
[Date "2023.01.24"]
[Round "4"]
[White "Real Pereyra, Jeronimo"]
[Black "Alexikov, Alexander"]
[Result "0-1"]
[WhiteElo "2156"]
[BlackElo "2223"]
[PlyCount "54"]
[EventDate "2023.01.24"]
[EventType "swiss (blitz)"]
[EventRounds "11"]
[EventCountry "USA"]
[SourceTitle "EXT 2024"]
[Source "ChessBase"]
[SourceDate "2023.10.10"]
[SourceVersion "1"]
[SourceVersionDate "2023.10.10"]
[SourceQuality "1"]

1. e4 c5 2. Nf3 d6 3. Bb5+ Nd7 4. d4 cxd4 5. Qxd4 Ngf6 6. c4 g6 7. Nc3 Bg7 8. Bg5 0-0 9. Bxd7 Bxd7 10. h3 Bc6 11. Qd3 Rc8 12. 0-0 Qa5 13. Rac1 Rc7 14. a3 Rfc8 15. Be3 Nd7 16. Nd5 Bxd5 17. exd5 Bxb2 18. Rb1 Bf6 19. Rfc1 Qa6 20. Nd2 b6 21. f4 Nc5 22. Bxc5 Rxc5 23. Ne4 Rxc4 24. Nxf6+ exf6 25. Rxc4 Qxc4 26. Qe3 Qxd5 27. Re1 Qc5 0-1

[Event "Titled Tuesday intern op 24th Jan Late"]
[Site "Chess.com INT"]
[Date "2023.01.24"]
[Round "6"]
[White "Real Pereyra, Jeronimo"]
[Black "Garcia Correa, Jose Ricardo"]
[Result "0-1"]
[WhiteElo "2156"]
[BlackElo "2103"]
[PlyCount "112"]
[EventDate "2023.01.24"]
[EventType "swiss (blitz)"]
[EventRounds "11"]
[EventCountry "USA"]
[SourceTitle "EXT 2024"]
[Source "ChessBase"]
[SourceDate "2023.10.10"]
[SourceVersion "1"]
[SourceVersionDate "2023.10.10"]
[SourceQuality "1"]

1. e4 e5 2. Nf3 Nc6 3. Bb5 a6 4. Ba4 Nf6 5. d3 b5 6. Bb3 d6 7. c3 Be7 8. 0-0 0-0 9. Re1 Na5 10. Bc2 c5 11. Nbd2 Nc6 12. Nf1 h6 13. Ng3 Re8 14. h3 Bf8 15. d4 exd4 16. cxd4 Nb4 17. Bb1 Bb7 18. a3 Nc6 19. d5 Ne5 20. Nxe5 Rxe5 21. f4 Re8 22. Nf5 Qd7 23. g4 h5 24. g5 Nxe4 25. Rxe4 Rxe4 26. Bxe4 Re8 27. Bc2 g6 28. Qf3 gxf5 29. Bd2 Re4 30. Re1 Bxd5 31. Qxh5 Rxe1+ 32. Bxe1 Bg7 33. g6 Be4 34. Bxe4 fxe4 35. Qh7+ Kf8 36. gxf7 Kxf7 37. Qxe4 Qxh3 38. f5 Bd4+ 39. Bf2 Qg3+ 40. Kh1 Qxf2 41. Qe6+ Kg7 42. Qg6+ Kf8 43. Qxd6+ Ke8 44. Qb8+ Kd7 45. Qb7+ Kd6 46. Qxa6+ Ke5 47. Qe6+ Kf4 48. Qh6+ Kf3 49. Qh3+ Qg3 50. Qf1+ Kg4 51. f6 Qf3+ 52. Qxf3+ Kxf3 53. f7 Bg7 54. b3 c4 55. bxc4 bxc4 56. Kh2 c3 0-1

[Event "Titled Tuesday intern op 24th Jan Late"]
[Site "Chess.com INT"]
[Date "2023.01.24"]
[Round "10"]
[White "Real Pereyra, Jeronimo"]
[Black "Zochowski, Kacper"]
[Result "1-0"]
[WhiteElo "2156"]
[BlackElo "2256"]
[PlyCount "91"]
[EventDate "2023.01.24"]
[EventType "swiss (blitz)"]
[EventRounds "11"]
[EventCountry "USA"]
[SourceTitle "EXT 2024"]
[Source "ChessBase"]
[SourceDate "2023.10.10"]
[SourceVersion "1"]
[SourceVersionDate "2023.10.10"]
[SourceQuality "1"]

1. e4 d6 2. d4 Nf6 3. Nc3 e5 4. Nf3 Nbd7 5. g4 Nxg4 6. Rg1 Ngf6 7. Bc4 h6 8. Be3 c6 9. Qd2 b5 10. Bb3 Qa5 11. dxe5 dxe5 12. 0-0-0 Rh7 13. Kb1 Ba6 14. Nd5 Qxd2 15. Nxf6+ Nxf6 16. Rxd2 Nxe4 17. Re2 f6 18. c3 b4 19. c4 Nc5 20. Bxc5 Bxc5 21. Nxe5 fxe5 22. Rxe5+ Be7 23. Bc2 Rh8 24. Rxg7 0-0-0 25. Bf5+ Kb8 26. Rexe7 Rhf8 27. Rgf7 Rxf7 28. Rxf7 Bxc4 29. Rf6 b3 30. axb3 Bxb3 31. Bc2 Bd5 32. Rxh6 Rf8 33. h4 Rxf2 34. b3 Rf1+ 35. Kb2 Rf2 36. Kc3 Rf3+ 37. Kb2 Rf2 38. Kc3 Rf3+ 39. Kb2 Kc7 40. h5 Kb6 41. Rh8 Rh3 42. h6 Rh2 43. h7 Be4 44. Rb8+ Kc5 45. h8Q Rxc2+ 46. Ka3 1-0

[Event "Iberoamerican-ch 8th"]
[Site "Mexico City"]
[Date "2022.02.15"]
[Round "5"]
[White "Paredes Guzman, Francisco Javier"]
[Black "Real Pereyra, Jeronimo"]
[Result "0-1"]
[WhiteElo "1891"]
[BlackElo "2147"]
[PlyCount "88"]
[EventDate "2022.02.12"]
[EventType "swiss"]
[EventRounds "9"]
[EventCountry "MEX"]
[SourceTitle "CBM 206 Extra"]
[Source "ChessBase"]
[SourceDate "2022.03.31"]
[SourceVersion "1"]
[SourceVersionDate "2022.03.31"]
[SourceQuality "1"]

1. d4 Nf6 2. c4 e6 3. Nc3 Bb4 4. Qc2 0-0 5. e4 d5 6. e5 Ne4 7. Bd3 c5 8. Nf3 cxd4 9. Nxd4 Qh4 10. 0-0 Nxc3 11. bxc3 dxc4 12. Be4 Be7 13. Nf3 Qh5 14. g4 Qxg4+ 15. Kh1 Qh5 16. Rg1 Nd7 17. Rg3 Nc5 18. Bg5 Nxe4 19. Qxe4 Bxg5 20. Rxg5 Qh6 21. Rag1 g6 22. Nd4 Rb8 23. f3 b5 24. Qf4 Qg7 25. R1g3 Rb7 26. Rh3 f6 27. exf6 Qxf6 28. Qxf6 Rxf6 29. Rxb5 e5 30. Rxb7 Bxb7 31. Nb5 Rxf3 32. Rxf3 Bxf3+ 33. Kg1 a5 34. Kf2 Bd5 35. Nc7 Bf7 36. Ke3 Kg7 37. a4 g5 38. Nb5 Bd5 39. Nc7 Bc6 40. Ne6+ Kf6 41. Nc5 g4 42. Kf2 h5 43. Kg3 Kf5 44. Kf2 h4 0-1

[Event "Iberoamerican-ch 8th"]
[Site "Mexico City"]
[Date "2022.02.14"]
[Round "4"]
[White "Real Pereyra, Jeronimo"]
[Black "Lopez Padilla, Piero Raul"]
[Result "1/2-1/2"]
[WhiteElo "2147"]
[BlackElo "1898"]
[PlyCount "121"]
[EventDate "2022.02.12"]
[EventType "swiss"]
[EventRounds "9"]
[EventCountry "MEX"]
[SourceTitle "CBM 206 Extra"]
[Source "ChessBase"]
[SourceDate "2022.03.31"]
[SourceVersion "1"]
[SourceVersionDate "2022.03.31"]
[SourceQuality "1"]

1. e4 c5 2. Nf3 d6 3. Bb5+ Nd7 4. Ba4 Ngf6 5. 0-0 e5 6. d3 Be7 7. Bg5 h6 8. Bxf6 Bxf6 9. Nc3 0-0 10. Bb3 Nb6 11. a4 Be6 12. a5 Nc8 13. a6 Rb8 14. Bc4 b6 15. b3 Ne7 16. Bxe6 fxe6 17. Nb5 Qd7 18. c4 Nc6 19. Ne1 Rf7 20. Nc2 Rbf8 21. Qh5 Kh7 22. g3 Bg5 23. Kg2 Qe7 24. Qe2 Qd7 25. f3 Bd8 26. Rf2 g6 27. Raf1 Bg5 28. h4 Bd8 29. Qe3 Be7 30. f4 Kg7 31. fxe5 Rxf2+ 32. Rxf2 Rxf2+ 33. Qxf2 dxe5 34. Ne1 Qc8 35. Qa2 Nb4 36. Qa1 Qb8 37. Nf3 Bf6 38. Ne1 Nc6 39. Kf2 Qd8 40. Ke2 Qd7 41. Nc2 Qe7 42. Qh1 Na5 43. Qb1 Nc6 44. Qf1 Na5 45. Qb1 Nc6 46. Kd2 h5 47. Kc3 g5 48. hxg5 Bxg5 49. Qd1 Kg6 50. Qf1 Nb8 51. Kb2 Kg7 52. Qa1 Nc6 53. Qe1 Nb8 54. Qa1 Nc6 55. Qd1 Kg6 56. Qe1 Nb8 57. Qa1 Nc6 58. Qe1 Nb8 59. Qa1 Nc6 60. Nc3 Qf7 61. Qe1 1/2-1/2

[Event "FIDE World Cup Mexico Qual"]
[Site "Mexico City"]
[Date "2021.05.30"]
[Round "9"]
[White "Real Pereyra, Jeronimo"]
[Black "Benitez Lozano, Javier"]
[Result "1/2-1/2"]
[WhiteElo "2112"]
[BlackElo "2367"]
[PlyCount "36"]
[EventDate "2021.05.26"]
[EventType "swiss"]
[EventRounds "9"]
[EventCountry "MEX"]
[SourceTitle "CBM 202 Extra"]
[Source "ChessBase"]
[SourceDate "2021.07.31"]
[SourceVersion "1"]
[SourceVersionDate "2021.07.31"]
[SourceQuality "1"]

1. e4 e5 2. Nf3 Nc6 3. Nc3 Nf6 4. a3 Be7 5. d4 exd4 6. Nxd4 0-0 7. Bc4 Bc5 8. Be3 Bb6 9. 0-0 Ng4 10. Qxg4 Bxd4 11. Bxd4 Nxd4 12. Qd1 Nc6 13. Qh5 d6 14. h3 Be6 15. Bd5 Bxd5 16. Nxd5 Ne7 17. Rfe1 Re8 18. Rad1 Qd7 1/2-1/2